| 000 | 00762 a2200205 4500 | ||
|---|---|---|---|
| 020 | _a0198604610 | ||
| 020 | _a0198604505 (pbk.) | ||
| 040 |
_aDLC _bDLC |
||
| 082 | 0 | 0 | _a423/.1 |
| 245 | 0 | 4 |
_aThe little Oxford thesaurus _cedited by Martin Nixon ; with Lucinda Coventry |
| 250 | _a2nd ed. | ||
| 260 |
_aOxford ; _aNew York : _bOxford University Press, _cc2002. |
||
| 300 |
_aiv, 668 p. _c16 cm. |
||
| 650 | 0 |
_aEnglish language _xSynonyms and antonyms. |
|
| 700 | 1 | _aNixon, Martin. | |
| 700 | 1 | _aCoventry, Lucinda. | |
| 856 | 4 | 2 |
_3Publisher description _uhttp://www.loc.gov/catdir/enhancements/fy0613/2002072330-d.html |
| 856 | 4 | 2 |
_3Contributor biographical information _uhttp://www.loc.gov/catdir/enhancements/fy0724/2002072330-b.html |
| 942 |
_cBK _k423.1 NIX _2ddc |
||
| 999 |
_c4766 _d4766 |
||